| 000 | 01082nas a2200337 4500 | ||
|---|---|---|---|
| 001 | BR2013000273 | ||
| 003 | BR-BrBNA | ||
| 005 | 20231205121755.0 | ||
| 007 | ta | ||
| 008 | 230509b bl.|||p| |||| 00| 00por d | ||
| 040 |
_aBR-BrBNA _bpor _cBiblioteca Nacional de Agricultura |
||
| 041 | _a(Pt) | ||
| 072 | _aL70; L74 | ||
| 100 | 1 | _aHussni, C.A. | |
| 100 | 1 | _aDornbusch, P.T. | |
| 100 | 1 | _aYoshida, W.B. | |
| 100 | 1 | _aAlves, A.L.G. | |
| 100 | 1 | _aNicoletti, J.L.M. | |
| 100 | 1 | _aMamprim, M.J. | |
| 100 | 1 | _aVulcano, L.C. | |
| 245 | 1 | _aTrombectomia com cateter de Forgaty no tratamento da tromboflebite jugular experimental em equinos | |
| 246 | 1 | _aThrombectomy with Fogarty's catheter as a treatment of induced jugular thrombophlebitis in horses | |
| 650 | _aEQUINO | ||
| 650 | _aVETERINÁRIA | ||
| 650 | _aTRATAMENTO | ||
| 650 | _aVEIA | ||
| 650 | _aDISTÚRBIO ANIMAL | ||
| 773 | 0 |
_tPesquisa Veterinária Brasileira (Brazil) _xISSN 0100-736X _g(Jan 2009), v. 29(1) p. 45-51 _wBR2013000273 |
|
| 909 |
_a202311 _bLúcia _c55 _dLúcia Elande |
||
| 942 |
_2AGRIS _n0 _cANA |
||
| 999 |
_c225180 _d225180 |
||